[Event "AUTO-OPEN-2937"]
[Site "http://www.queenalice.com/game.php?id=1159545"]
[Date "2013.3.9"]
[Round "1"]
[White "Canaye"]
[Black "Chris93"]
[Result "0-1"]
[WhiteElo "1792"]
[BlackElo "1997"]

1. d4 f5 2. c4 Nf6 3. Nc3 e6 4. Bg5 Be7 5. Bxf6 Bxf6 6. e3 Nc6 7. a3 b6 8. Nf3
Bb7 9. d5 Ne5 10. Nd4 Ba6 11. Ncb5 O-O 12. d6 c5 13. Nf3 Bxb5 14. cxb5 Nxf3+ 15.
Qxf3 Bxb2 16. Ra2 Be5 17. Qd1 Bc3+ 18. Ke2 Be5 19. f4 Qh4 20. fxe5 Qc4+ 21. Ke1
Qxa2 22. a4 Qa3 23. Bd3 Qc3+ 24. Qd2 Qxe5 25. Be2 Rf6 26. Bf3 Raf8 27. a5 f4 28.
e4 Qa1+ 29. Qd1 Qxa5+ 30. Qd2 Qxb5 31. Be2 Qb1+ 32. Qd1 Qxe4 0-1

[Event "AUTO-OPEN-2937"]
[Site "http://www.queenalice.com/game.php?id=1159546"]
[Date "2013.3.9"]
[Round "1"]
[White "Chris93"]
[Black "aurelianobuendia"]
[Result "0-1"]
[WhiteElo "2043"]
[BlackElo "1238"]

1. e4 e5 2. Nf3 Nc6 3. Bb5 f6 4. O-O Nb4 5. a3 a6 6. Ba4 Nc6 7. b4 d5 8. Nc3 d4
9. Nd5 Be6 10. c4 Qd7 11. d3 Nge7 12. b5 axb5 13. Bxb5 O-O-O 14. Bd2 Bg4 15. Qa4
Qd6 16. Qa8+ Kd7 17. Qxb7 Ke6 18. Nxc7+ Kf7 19. Nd5 Kg6 20. a4 Nxd5 21. Bxc6 Rb8
22. Qa6 Nf4 23. Bxf4 exf4 24. Rfb1 Rxb1+ 25. Rxb1 Bxf3 26. gxf3 Qa3 27. Qb5 Bc5
28. Bd5 Qxd3 29. Rb3 Qd1+ 30. Kg2 d3 31. Rb1 Qc2 32. Qb3 Qxf2+ 0-1

[Event "AUTO-OPEN-2937"]
[Site "http://www.queenalice.com/game.php?id=1159547"]
[Date "2013.3.9"]
[Round "1"]
[White "aurelianobuendia"]
[Black "Chris93"]
[Result "0-1"]
[WhiteElo "1351"]
[BlackElo "2013"]

1. e4 d5 2. e5 d4 3. Bc4 e6 4. Nf3 a6 5. d3 b5 6. O-O bxc4 7. dxc4 c5 8. Nbd2
Nc6 9. Ne4 h6 10. b3 Bb7 11. Bf4 Nxe5 12. Re1 Ng6 13. Qc1 Nxf4 14. Qxf4 f5 15.
Ned2 Bd6 16. Ne5 Nf6 17. Qh4 g5 18. Qg3 Ne4 19. Nxe4 fxe4 20. f3 e3 21. f4 Qc7
22. Ng6 gxf4 23. Qg4 Rg8 24. Qxe6+ Kd8 25. Qxg8+ Kd7 26. Qg7+ Kc6 27. Qxh6 f3
28. Ne5+ Kb6 29. Nxf3 Bxf3 30. gxf3 Rg8+ 31. Kf1 Qc6 32. Rac1 Qxf3# 0-1

[Event "AUTO-MASTER-1834"]
[Site "http://www.queenalice.com/game.php?id=1159633"]
[Date "2013.3.10"]
[Round "1"]
[White "Chris93"]
[Black "Rusty"]
[Result "0-1"]
[WhiteElo "2037"]
[BlackElo "2367"]

1. e4 e5 2. Nf3 Nc6 3. Bb5 a6 4. Ba4 Nf6 5. d3 b5 6. Bb3 Be7 7. O-O d6 8. Nc3
Bg4 9. h3 Bh5 10. a3 Bxf3 11. Qxf3 Nd4 12. Qg3 Nxb3 13. cxb3 O-O 14. a4 b4 15.
Ne2 Nh5 16. Qg4 g6 17. Ng3 Ng7 18. Bh6 Qc8 19. Qd1 c5 20. Re1 Qe6 21. Rc1 f5 22.
exf5 gxf5 23. Bxg7 Kxg7 24. f4 Bh4 25. Re3 Kh8 26. Nh5 Qf7 27. fxe5 Bg5 28. Rg3
Bxc1 29. e6 Qxe6 30. Qxc1 Rg8 31. Qf4 Rxg3 32. Nxg3 Rf8 33. Ne4 Qe5 34. Qxe5+
dxe5 35. Nxc5 Rf6 36. Nd7 Re6 37. Kf2 Kg7 0-1

[Event "AUTO-MASTER-1834"]
[Site "http://www.queenalice.com/game.php?id=1159647"]
[Date "2013.3.10"]
[Round "1"]
[White "Chris93"]
[Black "CCapivara"]
[Result "0-1"]
[WhiteElo "2010"]
[BlackElo "2082"]

1. e4 d6 2. d4 Nf6 3. Nc3 c6 4. f4 Qa5 5. Bd2 Qb6 6. Nf3 Bg4 7. Be3 Qxb2 8. Na4
Qa3 9. c4 Qxe3+ 10. Be2 Nxe4 11. Rf1 e5 12. dxe5 dxe5 13. Rb1 Na6 14. Rb3 Bb4+
15. Nd2 Bxd2+ 0-1

[Event "AUTO-MASTER-1834"]
[Site "http://www.queenalice.com/game.php?id=1159654"]
[Date "2013.3.10"]
[Round "1"]
[White "Buuuu"]
[Black "Chris93"]
[Result "0-1"]
[WhiteElo "2155"]
[BlackElo "2015"]

1. e4 d5 2. exd5 Nf6 3. Nf3 Nxd5 4. d4 Bf5 5. Nh4 Be6 6. c4 Nb6 7. Nc3 Nxc4 8.
Bxc4 Bxc4 9. Qa4+ b5 10. Nxb5 Bxb5 11. Qxb5+ c6 12. Qb7 Nd7 13. Qxc6 e6 14. Nf3
Bb4+ 15. Bd2 Rc8 16. Qa4 Bxd2+ 17. Kxd2 O-O 18. Rhc1 Rb8 19. b4 Nf6 20. Rc2 Ne4+
21. Ke3 Nd6 22. Rac1 Nf5+ 23. Ke2 Nxd4+ 24. Nxd4 Qxd4 25. Rc4 Qe5+ 26. Kf1 Qxh2
27. f3 Qh1+ 28. Kf2 Qh6 29. R1c2 Ra8 30. Rc7 Qh4+ 31. Ke2 Qd4 32. Rd7 Qg1 33.
Kd3 h6 34. Kc3 Rac8+ 35. Kb2 a5 36. b5 Qe1 37. Rdc7 Qe5+ 38. R7c3 Rb8 39. f4
Rxb5+ 40. Ka1 Qf5 41. Rc4 Rfb8 42. Rc8+ Kh7 43. Rxb8 Rxb8 44. Qc4 Rb4 0-1

[Event "AUTO-MASTER-1834"]
[Site "http://www.queenalice.com/game.php?id=1159655"]
[Date "2013.3.10"]
[Round "1"]
[White "Chris93"]
[Black "Buuuu"]
[Result "0-1"]
[WhiteElo "2034"]
[BlackElo "2117"]

1. e4 e6 2. d4 d5 3. Be3 dxe4 4. Nc3 Bb4 5. Bc4 Nc6 6. Ne2 Na5 7. Bb3 Nxb3 8.
axb3 b6 9. O-O Bb7 10. Ng3 f5 11. Nh5 Kf7 12. Nf4 Nf6 13. Ra4 a5 14. Nb5 Bc6 15.
c4 Qd7 16. Qe2 Bxb5 17. cxb5 Nd5 18. Rc1 Rac8 19. Rc6 Nxf4 20. Bxf4 Qxd4 21.
Bxc7 g6 22. h3 Kf6 23. Bxb6 Qe5 24. Bxa5 Rxc6 25. bxc6 Bxa5 26. b4 Bc7 27. b5
Rb8 28. g3 Qxb5 29. Qxb5 Rxb5 30. Ra7 Be5 31. Rxh7 Rxb2 32. Rh8 Rc2 33. Rc8 Bd4
34. c7 Kg5 35. Rd8 Bxf2+ 36. Kf1 Rxc7 37. Kxf2 e5 38. Rd5 Re7 39. Ra5 Kh5 40.
Rb5 g5 41. Ke3 f4+ 42. gxf4 exf4+ 43. Ke2 Kh4 44. Rb3 Ra7 45. Kd2 Ra2+ 46. Kc3
e3 0-1

[Event "AUTO-OPEN-3001"]
[Site "http://www.queenalice.com/game.php?id=1185444"]
[Date "2013.5.28"]
[Round "1"]
[White "deep"]
[Black "Chris93"]
[Result "0-1"]
[WhiteElo "2035"]
[BlackElo "1980"]

1. d4 Nf6 2. c4 g6 3. Nc3 Bg7 4. Nf3 O-O 5. e4 d6 6. Be2 c5 7. d5 e6 8. Nd2 a6
9. Rb1 e5 10. O-O Nbd7 11. Kh1 Nb6 12. b4 cxb4 13. Rxb4 a5 14. Rb1 Nbd7 15. Nb3
b6 16. Bd3 Nc5 17. Nxc5 bxc5 18. f3 Nh5 19. Rf2 Qh4 20. Rfb2 Bf6 21. Rb6 Rd8 22.
Bd2 Nf4 23. Bf1 Nh5 24. Be1 Qf4 25. Nb5 Be7 26. Rb3 Qh6 27. Ra3 Rd7 28. Bxa5
Rxa5 29. Rxa5 Ng3+ 0-1

[Event "AUTO-OPEN-3001"]
[Site "http://www.queenalice.com/game.php?id=1185445"]
[Date "2013.5.28"]
[Round "1"]
[White "Chris93"]
[Black "deep"]
[Result "0-1"]
[WhiteElo "2036"]
[BlackElo "2016"]

1. e4 c5 2. c3 d5 3. exd5 Qxd5 4. d4 Nf6 5. Nf3 Nc6 6. Bd3 Bg4 7. Be2 cxd4 8.
cxd4 e6 9. Nc3 Bb4 10. Qd3 O-O 11. Bd2 Qd7 12. a3 Be7 13. Be3 Bf5 14. Qc4 Ng4
15. Bd2 Nxd4 16. Nxd4 Ne5 17. Nxf5 Nxc4 0-1

[Event "AUTO-OPEN-3001"]
[Site "http://www.queenalice.com/game.php?id=1185466"]
[Date "2013.5.28"]
[Round "1"]
[White "Chris93"]
[Black "Epilos"]
[Result "0-1"]
[WhiteElo "2010"]
[BlackElo "1503"]

1. e4 e5 2. Nf3 Nc6 3. Bb5 Nd4 4. Nxd4 exd4 5. O-O c6 6. Bc4 Nf6 7. Qe1 b5 8.
Bb3 Bc5 9. d3 a5 10. a3 a4 11. Ba2 d6 12. e5 dxe5 13. Qxe5+ Qe7 14. Re1 Qxe5 15.
Rxe5+ Be7 16. Bd2 Ra7 17. Bb4 Nd5 18. Bxd5 cxd5 19. Rxd5 O-O 20. Rxd4 Bxb4 21.
Rxb4 Bd7 22. Nc3 Re8 23. Nxb5 Rb7 24. Nd6 Rxb4 25. axb4 Re2 26. b3 a3 27. Rxa3
Re1# 0-1

[Event "AUTO-OPEN-3001"]
[Site "http://www.queenalice.com/game.php?id=1185467"]
[Date "2013.5.28"]
[Round "1"]
[White "Epilos"]
[Black "Chris93"]
[Result "0-1"]
[WhiteElo "1381"]
[BlackElo "2008"]

1. e4 d5 2. exd5 Nf6 3. Bc4 Nxd5 4. Nf3 Bg4 5. Bxd5 Qxd5 6. Nc3 Qc6 7. d4 e6 8.
h3 Bh5 9. Qd3 Bd6 10. Bg5 Nd7 11. O-O f6 12. Bh4 g5 13. Bg3 Bg6 14. Qe3 O-O-O
15. Bxd6 Qxd6 16. Rac1 h5 17. Ne2 g4 18. hxg4 hxg4 19. g3 gxf3 20. Qxf3 Bh5 21.
Qg2 Bxe2 22. Rfe1 Bc4 23. b3 Bd5 24. Qf1 Rh1# 0-1

[Event "AUTO-OPEN-3001"]
[Site "http://www.queenalice.com/game.php?id=1185468"]
[Date "2013.5.28"]
[Round "1"]
[White "Chris93"]
[Black "favazza2007"]
[Result "0-1"]
[WhiteElo "1930"]
[BlackElo "1885"]

1. e4 d5 2. exd5 Nf6 3. Bb5+ Bd7 4. Be2 Nxd5 5. d4 Nc6 6. Nf3 e6 7. c4 Bb4+ 8.
Bd2 Bxd2+ 9. Qxd2 Nf6 10. Nc3 O-O 11. O-O Ne7 12. b4 Bc6 13. b5 Bxf3 14. Bxf3 c6
15. bxc6 Nxc6 16. d5 exd5 17. cxd5 Ne5 18. Be2 a6 19. a4 Qd6 20. Rab1 Rab8 21.
f4 Ned7 22. Rbd1 Nc5 23. Bf3 b5 24. axb5 axb5 25. Rb1 b4 26. Rfe1 bxc3 27. Qxc3
Rxb1 28. Rxb1 Nce4 29. Qd4 Qc5 30. Qxc5 Nxc5 31. Kf2 Nd3+ 32. Ke3 Nc5 33. Kd4
Ncd7 34. Rb7 g6 35. g4 Rd8 36. g5 Nh5 0-1

[Event "AUTO-OPEN-3001"]
[Site "http://www.queenalice.com/game.php?id=1185469"]
[Date "2013.5.28"]
[Round "1"]
[White "favazza2007"]
[Black "Chris93"]
[Result "1-0"]
[WhiteElo "1903"]
[BlackElo "1912"]

1. c4 e5 2. Nc3 Nf6 3. d3 Bb4 4. Bg5 h6 5. Bxf6 Qxf6 6. Qb3 a5 7. a3 Bc5 8. Ne4
Qe7 9. Nxc5 Qxc5 10. e3 Nc6 11. Be2 Ne7 12. Nf3 O-O 13. O-O b6 14. d4 exd4 15.
exd4 Qd6 16. Rfd1 Ba6 17. Rd2 Qe6 18. Re1 Qf6 19. Qc3 Bb7 20. b4 axb4 21. axb4
d5 22. c5 bxc5 23. bxc5 c6 24. Ne5 Nf5 25. Nd7 Qg5 26. Nxf8 Rxf8 27. Bf3 Nh4 28.
Rde2 Bc8 29. Qe3 Nxf3+ 30. Qxf3 Bg4 31. Qg3 Bxe2 32. Qxg5 hxg5 33. Rxe2 Ra8 34.
f3 Kf8 35. Kf2 Ra4 36. Rd2 Ke7 37. Kg3 1-0

[Event "AUTO-OPEN-3005"]
[Site "http://www.queenalice.com/game.php?id=1186655"]
[Date "2013.6.1"]
[Round "1"]
[White "Chris93"]
[Black "Piotrek"]
[Result "1-0"]
[WhiteElo "2019"]
[BlackElo "1535"]

1. e4 e5 2. Nf3 d6 3. Bc4 Bd7 4. d4 c6 5. O-O exd4 6. Nxd4 Nf6 7. Qe1 c5 8. Nf3
b5 9. Be2 Nxe4 10. Bd3 d5 11. b3 Qe7 12. Nc3 c4 13. bxc4 b4 14. Nxd5 Qd8 15.
Qxe4+ Be7 16. Bf4 Bc6 17. Nd4 O-O 18. Qxh7# 1-0

[Event "AUTO-OPEN-3005"]
[Site "http://www.queenalice.com/game.php?id=1186656"]
[Date "2013.6.1"]
[Round "1"]
[White "Piotrek"]
[Black "Chris93"]
[Result "1-0"]
[WhiteElo "1278"]
[BlackElo "1892"]

1. d4 Nf6 2. b4 g6 3. c3 d5 4. a4 Bg7 5. a5 a6 6. g3 O-O 7. Bg2 c6 8. Nf3 Bf5 9.
O-O Nbd7 10. Nbd2 Ne4 11. Ng5 Nxg5 12. Nb3 e5 13. Bxg5 Qe8 14. dxe5 Nxe5 15. Nc5
Rb8 16. Nd3 Ng4 17. Bf4 Rd8 18. Nc5 Bxc3 19. Nxb7 Rb8 20. Nd6 Qd7 21. Rc1 Bxb4
22. Nxf5 gxf5 23. Bxb8 Rxb8 24. Rb1 Qd6 25. Qd3 f4 26. Qxa6 Rb5 27. Qc8+ 1-0

[Event "AUTO-OPEN-3005"]
[Site "http://www.queenalice.com/game.php?id=1186657"]
[Date "2013.6.1"]
[Round "1"]
[White "Chris93"]
[Black "ggg09"]
[Result "0-1"]
[WhiteElo "2014"]
[BlackElo "2263"]

1. e4 e6 2. b3 c5 3. Nc3 Nc6 4. Bb2 d5 5. exd5 exd5 6. Bb5 Nf6 7. Nf3 Bd7 8. O-O
Be7 9. Qe2 O-O 10. Rad1 Re8 11. Rfe1 Bd6 12. Qd3 Rxe1+ 13. Rxe1 Nb4 14. Qe2 Nxc2
15. Rc1 Nd4 16. Nxd4 cxd4 17. Nd1 Qe8 18. Bd3 Qxe2 19. Bxe2 Re8 20. Kf1 Be5 21.
d3 g5 22. g3 Kg7 23. f3 h5 24. Nf2 Kg6 25. b4 b6 26. Kg2 Bxg3 27. hxg3 Rxe2 28.
Bxd4 Rxa2 0-1

[Event "AUTO-OPEN-3005"]
[Site "http://www.queenalice.com/game.php?id=1186658"]
[Date "2013.6.1"]
[Round "1"]
[White "ggg09"]
[Black "Chris93"]
[Result "1-0"]
[WhiteElo "2258"]
[BlackElo "2021"]

1. e4 d5 2. Nc3 Nf6 3. exd5 Nxd5 4. Bc4 c6 5. Nf3 e6 6. O-O Bc5 7. d4 Bd6 8. Ne4
Be7 9. a3 b5 10. Ba2 O-O 11. a4 b4 12. Re1 Nd7 13. c4 bxc3 14. bxc3 N7f6 15.
Nxf6+ Bxf6 16. Ba3 Re8 17. Ne5 Nxc3 18. Qd3 Nxa4 19. Nxc6 Qd7 20. Bb1 g6 21. Ne5
Bxe5 22. dxe5 Nb6 23. Bc5 Bb7 24. Qxd7 Nxd7 25. Bxa7 Nc5 26. Ra5 Nb3 27. Ra2 1-0

[Event "AUTO-OPEN-3005"]
[Site "http://www.queenalice.com/game.php?id=1186659"]
[Date "2013.6.1"]
[Round "1"]
[White "Chris93"]
[Black "carito30236"]
[Result "0-1"]
[WhiteElo "1952"]
[BlackElo "1802"]

1. e4 c5 2. c3 Nf6 3. e5 Nd5 4. c4 Nb6 5. Nf3 Nc6 6. Nc3 e6 7. Bd3 d6 8. exd6
Bxd6 9. b3 Qc7 10. Be4 a6 11. d4 Bd7 12. Be3 f5 13. Bd3 O-O-O 14. dxc5 Be5 15.
Nxe5 Nxe5 16. cxb6 Qd6 17. Be2 Qb4 18. O-O Bc6 19. Qc2 h6 20. c5 g5 21. a3 Qh4
22. Rad1 Ng4 23. Bxg4 Qxg4 24. f3 Qh5 25. Rxd8+ Rxd8 26. Ne2 f4 27. Bd4 Qf7 28.
Be5 Rg8 29. Nd4 h5 30. Nxc6 bxc6 31. b4 g4 0-1

[Event "AUTO-OPEN-3005"]
[Site "http://www.queenalice.com/game.php?id=1186660"]
[Date "2013.6.1"]
[Round "1"]
[White "carito30236"]
[Black "Chris93"]
[Result "1-0"]
[WhiteElo "1778"]
[BlackElo "1976"]

1. e4 d5 2. exd5 Nf6 3. c4 e6 4. Nc3 Bc5 5. Qf3 O-O 6. Bd3 Qe8 7. Nge2 c6 8. Ne4
Nxe4 9. Bxe4 Nd7 10. dxc6 bxc6 11. Bxc6 Rb8 12. a3 Ba6 13. Qh5 Qc8 14. Bxd7 Qxd7
15. Qxc5 Rbc8 16. Qe3 Bxc4 17. O-O Bd5 18. Nf4 Rfe8 19. Nxd5 exd5 20. Qd3 Qd6
21. b4 Re5 22. Bb2 Rh5 23. h3 f6 24. Rac1 Rd8 25. Rc5 Qf4 26. g3 Qd6 27. Kh2 Qe6
28. g4 Qxg4 29. Rg1 Qf4+ 30. Qg3 Rf5 31. Qxf4 Rxf4 32. Rg2 h6 33. Rc7 1-0